Statistiken für Top 15 Länder mit Covid-19-Todesfällen - 3. Juni

Klicken Sie hier um das Quiz zu spielen!

Allgemein

  • Dieses Quiz wurde 12 mal gespielt
  • Das Durchschnittsergebnis liegt bei 18 aus 20

Antwortstatistiken

Land% Korrekt
Brasilien
100%
Deutschland
100%
Frankreich
100%
Indien
100%
Italien
100%
Kanada
100%
Mexiko
100%
Russland
100%
Schweden
100%
Spanien
100%
Vereinigtes Königreich
100%
Vereinigte Staaten
100%
Belgien
88%
Iran
88%
Niederlande
88%
Portugal
75%
Schweiz
75%
Irland
63%
Peru
50%
Ecuador
38%

Verteilung der Resultate

Perzentil nach korrekt beantworteten Fragen

Anzahl Personen mit jedem Resultat

Ihre Resultats-Entwicklung

Sie haben dieses Quiz noch nicht gespielt